| 000 | 00939nam a2200229 i 4500 | ||
|---|---|---|---|
| 001 | 45624 | ||
| 003 | ES-MaACL | ||
| 005 | 20251015193551.0 | ||
| 007 | t| | ||
| 008 | 030326s1895 sp ||||1| spa d | ||
| 100 | 1 |
_aColoma, Luis, _d1851-1915 _939805 |
|
| 245 | 1 | 0 |
_aRetratos de antaño / _cpor Luis Coloma ; publicalos la duquesa de Villahermosa, condesa viuda de Guaqui. |
| 260 |
_aMadrid : _b[s.n.], _c1895 ( _fViuda e Hijos de M. Tello) |
||
| 300 |
_a597 p., 5 lám., 28 facs. ; _c24 cm. |
||
| 500 | _aApéndice documental. | ||
| 546 | _aTexto en español; apéndice en español y francés. | ||
| 600 | 1 | 7 |
_aVillahermosa, Juan Pablo de Aragón Azlor, _cDuque de, _d1730-1790 _2 _9151996 |
| 600 | 1 | 7 |
_aVillahermosa, María Manuela Pignatelli de Aragón y Gonzaga, _cDuquesa de, _d1753-1816 _2 _9151997 |
| 651 | 4 |
_aEspaña- _xHistoria- _y1759-1788, Carlos III. _98240 |
|
| 852 |
_aES-MaACL _jB-3479 |
||
| 999 |
_c45624 _d45624 |
||